| 000 | 00382nam a2200169Ia 4500 | ||
|---|---|---|---|
| 003 | 0STCL | ||
| 008 | 150530s9999 xx 000 0 und d | ||
| 040 |
_aSTCL _cSTCL |
||
| 100 | _aMorley | ||
| 245 | _aDidrot and the encyclopaedists vol-I | ||
| 250 | _aFirst | ||
| 260 |
_bMacmillan _c1914 |
||
| 546 | _aEnglish | ||
| 942 |
_2ddc _cBK |
||
| 999 |
_c60801 _d60801 |
||
| 005 | 20220125171141.0 | ||